Statistiques concernant Anagrammes de footballeurs

Cliquez ici pour prendre le quiz!

Statistiques générales

  • Ce quiz a été pris 459 fois
  • Le résultat moyen est 6 sur 15

Statistiques - réponses

AnagrammeFootballeur% Correct
elpepele
94%
ppebammbappe
88%
poakkopa
80%
fubonfbuffon
70%
latpiinplatini
66%
vareevra
60%
zrteugetetrezeguet
31%
kbbeeecruanbeckenbauer
30%
vnaocarancannavaro
29%
damnaandmandanda
26%
yueorrrouyer
13%
hcodaecohade
8%
bueefloleboeuf
7%
tuerohcaerocheteau
5%
toednggondet
3%

Distribution des résultats

Percentile par nombre de réponses

% des personnes avec chaque résultat

Votre développement - résultats

Vous n’avez pas pris ce quiz